| 000 | 00811cam a2200241 a 4500 | ||
|---|---|---|---|
| 001 | 3753 | ||
| 005 | 20240429150110.0 | ||
| 020 | _a0590138006 | ||
| 040 |
_aDLC _cDLC _dDLC _beng |
||
| 050 | 0 | 0 | _aPZ7.S7242 |
| 082 | 0 | 0 | _a808.88 |
| 100 | _aSoto, Gary | ||
| 245 | 0 | 0 |
_aTaking sides. _cby Gary Soto |
| 260 |
_aNew York : _bScholastic , _c1991 |
||
| 300 |
_a138 pages : _billustrations ; _c20 cm . |
||
| 505 | _aR | ||
| 520 | _aFourteen-year-old Lincoln Mendoza, an aspiring basketball player, must come to terms with his divided loyalties when he moves from the Hispanic inner city to a white suburban neighborhood. | ||
| 521 |
_a750
_bLexile |
||
| 521 |
_aR
_bRaz-Plus |
||
| 650 | 0 |
_asports _xrealistic fiction |
|
| 906 |
_a7 _bcbc _corignew _d2 _eopcn _f19 _gy-gencatlg |
||
| 942 |
_2ddc _cBK _n0 |
||
| 999 |
_c3753 _d3753 |
||